000 01998cam a22002054a 4500
005 20250605164141.0
008 250528s ||||||||||||||||||||||||d
035 _a18959
020 _a9607026012
040 _aGR-AtMCL
_bgre
_dGR-AtMCL
_eAACR2
245 1 _aΟδηγός Σχεδίου Ντον Νείβι
260 _bΝτουντούμης,
_c1986
300 _a160
505 0 _aΕυχαριστίες, Αφιέρωση, Εισαγωγή, Υλικά και Εξοπλισμός, Πώς να Ξεκινήσετε, Τεχνική, Τόνοι και Φωτοσκίαση, Όγκοι και Φόρμες, Προοπτική, Το μπλοκ Σχεδίου, Πηγές, Φωτογραφίες, Ζώα, Πουλιά, Νερό και Αντανάκλαση, Ουρανός και Σύννεφα, Καράβια, Κτίρια, Συγκοινωνιακά Μέσα, Δέντρα, Λουλούδια, Νεκρή Φύση και Αντικείμενα, Το Ανθρώπινο Σώμα, Το Πορτραίτο, Η Δομή των Εικόνων, Διακόσμηση, Πενάκι και Πινέλο και Κάρβουνο, Επίλογος.
520 _aΕυχαριστίες, Αφιέρωση, Εισαγωγή, Υλικά και Εξοπλισμός, Πώς να Ξεκινήσετε, Τεχνική, Τόνοι και Φωτοσκίαση, Όγκοι και Φόρμες, Προοπτική, Το μπλοκ Σχεδίου, Πηγές, Φωτογραφίες, Ζώα, Πουλιά, Νερό και Αντανάκλαση, Ουρανός και Σύννεφα, Καράβια, Κτίρια, Συγκοινωνιακά Μέσα, Δέντρα, Λουλούδια, Νεκρή Φύση και Αντικείμενα, Το Ανθρώπινο Σώμα, Το Πορτραίτο, Η Δομή των Εικόνων, Διακόσμηση, Πενάκι και Πινέλο και Κάρβουνο, Επίλογος.
700 1 _aDavy Don
_95241
942 _cBK
999 _c4255
_d4255